| 000 | 00650cam a22002291a 4500 | ||
|---|---|---|---|
| 001 | g 01002294 | ||
| 003 | DLC | ||
| 005 | 20260227111257.0 | ||
| 008 | 850327s1898 gw 000 0 ger | ||
| 010 | _ag 01002294 | ||
| 035 | _a(OCoLC)11852775 | ||
| 040 |
_aDLC _cNSchU _dNSchU _dDLC |
||
| 042 | _apremarc | ||
| 050 | 0 | 0 |
_aPR4361 _b.H6 |
| 100 | 1 |
_aHoffmann, Karl, _d1876- |
|
| 245 | 1 | 0 |
_aUber Lord Byrons "The Giaour" / _cvon Karl Hoffmann. |
| 260 |
_aHalle a. S. : _bE. Karras, _c1898. |
||
| 300 |
_a64 p. ; _c23 cm. |
||
| 502 | _aInaug.-diss.-Halle. | ||
| 500 | _aVita. | ||
| 600 | 1 | 0 |
_aByron, George Gordon Byron, _cBaron, _d1788-1824. _tGiaour. |
| 999 |
_c23943 _d23943 |
||